00648nam a2200169Ia 4500008004100000041001200041082001100053100001600064245006700080260000600147650000600153700001300159942000700172999001700179952014100196952014100337221030s9999 xx 000 0 und d aEnglish a105.23 aS. K. Gupta 0aEngineering Physics Vol.I Mechanicscby S. K. Gupta, A. Kumar c0 aB aA. Kumar cBK c13550d13550 pB 2276l0o105.23 r2022-10-30 00:00:00w2022-10-30yBK003Print4070aMIETLIBbMIETLIBcBL-, FL-, CUP-0, SH-0, R-0d2012-07-1110HBE pB 2397l0o105.23 r2022-10-30 00:00:00w2022-10-30yBK003Print4070aMIETLIBbMIETLIBcBL-, FL-, CUP-0, SH-0, R-0d2012-07-1210HBE